[Event "European Blitz 2017"]
[Site "Katowice POL"]
[Date "2017.12.15"]
[Round "4.55"]
[White "Zelcic, Robert"]
[Black "Castillo Martinez, Eloi"]
[Result "1-0"]
[WhiteTitle "GM"]
[WhiteElo "2501"]
[BlackElo "2029"]
[WhiteFideId "14500310"]
[BlackFideId "22258663"]
[EventDate "2017.12.15"]
[EventType "blitz"]

1. e4 e5 2. Nf3 Nc6 3. d4 exd4 4. Nxd4 Nf6 5. Nc3 Bb4 6. Nxc6 bxc6 7. Bd3 d5 8.
exd5 cxd5 9. O-O O-O 10. h3 c6 11. Qf3 Be6 12. Bf4 Bd6 13. Rad1 Rb8 14. b3 Re8
15. Ne2 Bxf4 16. Nxf4 Qa5 17. a4 Bd7 18. Ne2 c5 19. Ng3 Be6 20. Rfe1 c4 21. Bf5
cxb3 22. cxb3 Qb4 23. Re3 Bxf5 24. Rxe8+ Rxe8 25. Nxf5 Re1+ 26. Rxe1 Qxe1+ 27.
Kh2 Qe5+ 28. Qg3 Qxg3+ 29. Kxg3 Kf8 30. Kf3 g6 31. Nd6 Nd7 32. b4 a6 33. Ke3 Ke7
34. Nb7 Ne5 35. Kd4 Nd7 36. Nc5 a5 37. Nxd7 Kxd7 38. bxa5 Kc6 39. a6 1-0

[Event "European Blitz 2017"]
[Site "Katowice POL"]
[Date "2017.12.15"]
[Round "4.56"]
[White "Malczyk, Radoslaw"]
[Black "Kislinsky, Alexey"]
[Result "0-1"]
[BlackTitle "GM"]
[WhiteElo "2049"]
[BlackElo "2513"]
[WhiteFideId "1128574"]
[BlackFideId "14108801"]
[EventDate "2017.12.15"]
[EventType "blitz"]

1. d4 Nf6 2. Bg5 Ne4 3. Bf4 Nc6 4. f3 Nf6 5. e4 d6 6. Nc3 g6 7. Qd2 Bg7 8. h4 h5
9. Nh3 Bxh3 10. Rxh3 Nd7 11. Be3 a6 12. f4 e5 13. dxe5 dxe5 14. f5 Nf6 15. O-O-O
Qxd2+ 16. Rxd2 Ng4 17. fxg6 Nxe3 18. gxf7+ Kxf7 19. Rxe3 Bh6 20. Bc4+ Ke8 21.
Red3 Rf8 22. Kd1 Bxd2 23. Rxd2 Ne7 24. Be2 Rh8 25. Bf3 Rd8 0-1

[Event "European Blitz 2017"]
[Site "Katowice POL"]
[Date "2017.12.15"]
[Round "4.57"]
[White "Fedorchuk, Sergey A."]
[Black "Abozenko, Georg"]
[Result "1-0"]
[WhiteTitle "GM"]
[WhiteElo "2648"]
[BlackElo "2034"]
[WhiteFideId "14102536"]
[BlackFideId "4500210"]
[EventDate "2017.12.15"]
[EventType "blitz"]

1. e4 d5 2. exd5 Nf6 3. Bb5+ Bd7 4. Be2 Nxd5 5. d4 Bf5 6. Nf3 e6 7. O-O Be7 8.
c4 Nf6 9. Nc3 O-O 10. Ne5 Nbd7 11. Bf3 c6 12. Bf4 Nxe5 13. Bxe5 Nd7 14. Bf4 Nb6
15. b3 Bf6 16. Be3 a5 17. Ne4 Bxe4 18. Bxe4 a4 19. Qd3 g6 20. b4 Qc7 21. Rfd1
Rfd8 22. Qc2 Nc8 23. Bf3 Ne7 24. Be4 Bg7 25. g3 Rd7 26. Rd2 Rad8 27. Rad1 b5 28.
cxb5 cxb5 29. Qxc7 Rxc7 30. d5 Rcd7 31. dxe6 Rxd2 32. exf7+ Kxf7 33. Rxd2 Rc8
34. Rd7 Ke6 35. Rb7 Bc3 36. Rxb5 a3 37. Bc2 Bb2 38. Bb3+ Kd7 39. Rb7+ Ke8 40.
Ba4+ Kf8 41. Bh6+ Kf7 42. Bb3+ Kf6 43. b5 Nd5 44. Bxd5 1-0

[Event "European Blitz 2017"]
[Site "Katowice POL"]
[Date "2017.12.15"]
[Round "4.58"]
[White "Krzywda, Andrzej"]
[Black "Stupak, Kirill"]
[Result "0-1"]
[BlackTitle "GM"]
[WhiteElo "2171"]
[BlackElo "2588"]
[WhiteFideId "1114565"]
[BlackFideId "13503758"]
[EventDate "2017.12.15"]
[EventType "blitz"]

1. e4 e6 2. d4 d5 3. Nc3 Bb4 4. e5 Qd7 5. Qg4 f5 6. Qh5+ Qf7 7. Qxf7+ Kxf7 8.
Bd2 Bxc3 9. Bxc3 b6 10. O-O-O c5 11. Ne2 Ba6 12. Nf4 Ne7 13. h4 Rc8 14. h5 Bxf1
15. Rhxf1 Nbc6 16. Ne2 Rc7 17. f4 Rac8 18. Rd2 Ng8 19. g4 Nh6 20. g5 Ng4 21. Rf3
a5 22. b3 a4 23. Kb2 Ra8 24. a3 axb3 25. cxb3 Rca7 26. a4 Rb7 27. Rd1 b5 28.
axb5 Rxb5 29. dxc5 Rxc5 30. Nd4 Rc8 31. Nxc6 R5xc6 32. Rd2 Ke7 33. Bb4+ Kd7 34.
Bd6 Rc1 35. b4 R1c4 36. Ra3 Ke8 37. Ra7 Ne3 38. Re7+ Kd8 39. Rxg7 Rxf4 40. Be7+
Ke8 41. Bc5 Nc4+ 42. Kc3 Rf3+ 43. Kc2 Nxd2 44. Kxd2 Rg3 45. Re7+ Kd8 46. Rxh7
Rxg5 47. h6 Rg2+ 48. Ke3 Rh2 49. Kf4 Ke8 50. Rh8+ Kd7 51. Rh7+ Kc6 52. Kg5 Rg8+
53. Kf6 f4 54. Kxe6 Rg6+ 55. Kf5 Rgxh6 56. Rxh6+ Rxh6 57. Kxf4 Rh1 58. e6 Re1
59. e7 Kd7 60. Kf5 Ke8 61. b5 Rc1 62. Bd6 Rb1 63. Ke5 Rxb5 64. Kd4 Kd7 65. Ba3
Ra5 66. Bb4 Ra4 67. Kc5 d4 68. Kb5 Ra1 69. Kc4 Rd1 70. Bc5 d3 71. Kc3 Rc1+ 72.
Kxd3 Rxc5 73. Kd4 0-1

[Event "European Blitz 2017"]
[Site "Katowice POL"]
[Date "2017.12.15"]
[Round "4.59"]
[White "Tregubov, Pavel V."]
[Black "Jaskolka, Tomasz"]
[Result "1/2-1/2"]
[WhiteTitle "GM"]
[WhiteElo "2575"]
[BlackElo "2011"]
[WhiteFideId "4115341"]
[BlackFideId "1170791"]
[EventDate "2017.12.15"]
[EventType "blitz"]

1. d4 Nf6 2. c4 c5 3. d5 b5 4. cxb5 a6 5. e3 axb5 6. Bxb5 g6 7. Nc3 Ba6 8. Nge2
Bg7 9. O-O Bxb5 10. Nxb5 d6 11. Nec3 O-O 12. e4 Nbd7 13. Re1 Ra5 14. Bd2 Qa8 15.
a4 Qb7 16. b3 Rfa8 17. h3 Ne8 18. Na3 Ne5 19. Nc4 Nxc4 20. bxc4 Qb4 21. Ne2 Qxc4
22. Rc1 Qxa4 23. Bxa5 Qxa5 24. Qb3 Nf6 25. Ng3 h5 26. Rb1 Nd7 27. Nf1 Bd4 28.
Ne3 Ne5 29. Nc2 Bc3 30. Re3 Bd2 31. Re2 Bc3 32. Re3 Bd2 33. Re2 c4 34. Qb5 c3
35. Qxa5 Rxa5 36. g3 Ra2 37. Nb4 Ra4 38. Nc2 Ra2 39. Nb4 Ra4 40. Nc2 Ra2 41. Nb4
Ra4 1/2-1/2

[Event "European Blitz 2017"]
[Site "Katowice POL"]
[Date "2017.12.15"]
[Round "4.60"]
[White "Shirshov, Nikolay"]
[Black "Schneider, Ilja"]
[Result "0-1"]
[BlackTitle "IM"]
[WhiteElo "2197"]
[BlackElo "2517"]
[WhiteFideId "34126454"]
[BlackFideId "4663306"]
[EventDate "2017.12.15"]
[EventType "blitz"]

1. Nf3 Nf6 2. c4 c6 3. d4 d5 4. Nc3 a6 5. a4 e6 6. Bg5 Be7 7. e3 a5 8. Bd3 Na6
9. Rc1 O-O 10. O-O Nb4 11. Bb1 b6 12. cxd5 exd5 13. Ne5 Nd7 14. Bxe7 Qxe7 15.
Nd3 Ba6 16. Re1 Bxd3 17. Bxd3 Nf6 18. Bb1 Rfe8 19. Qf3 Qd6 20. Qf5 Rad8 21. h3
Re7 22. g4 h6 23. g5 hxg5 24. Qxg5 Rde8 25. Kh1 Nh7 26. Qg4 Nf6 27. Qg5 Qe6 28.
Kh2 Nh7 29. Qg3 Nf8 30. Rg1 Qh6 31. Ne2 Re6 32. Nf4 Rf6 33. Qg4 Ne6 34. Nh5
Rxf2+ 35. Kh1 Kh8 36. b3 Rg8 37. Bf5 Qxe3 38. Nxg7 Qf3+ 39. Qxf3 Rxf3 40. Nxe6
fxe6 41. Bxe6 Rxg1+ 42. Rxg1 Rxb3 43. Kh2 c5 44. dxc5 bxc5 45. Rg8+ Kh7 46. Rc8
Rc3 47. h4 d4 48. h5 d3 49. Bf5+ Kh6 50. Rh8+ Kg5 51. Bg6 d2 52. Rd8 Nd3 53.
Bxd3 d1=Q 0-1

[Event "European Blitz 2017"]
[Site "Katowice POL"]
[Date "2017.12.15"]
[Round "4.61"]
[White "Fedorov, Alexei"]
[Black "Zaleski, Lukasz"]
[Result "1-0"]
[WhiteTitle "GM"]
[WhiteElo "2573"]
[BlackElo "2229"]
[WhiteFideId "13500465"]
[BlackFideId "1172611"]
[EventDate "2017.12.15"]
[EventType "blitz"]

1. e4 e6 2. Qe2 Be7 3. d3 d5 4. Nf3 Nf6 5. g3 O-O 6. Bg2 Nc6 7. e5 Nd7 8. O-O f6
9. exf6 Nxf6 10. d4 Bd6 11. c3 Qe8 12. Ne5 Bxe5 13. dxe5 Nd7 14. f4 b6 15. Be3
a5 16. Rd1 Ne7 17. Na3 Ba6 18. Qg4 Qg6 19. Qxg6 Nxg6 20. c4 c6 21. Bh3 Rfe8 22.
Rac1 Rac8 23. Rc2 b5 24. cxd5 cxd5 25. Rxc8 Bxc8 26. Nxb5 Ngf8 27. Nc7 Re7 28.
Rc1 Bb7 29. Bd2 Nb6 30. b3 a4 31. Bb4 Rf7 32. Nxe6 axb3 33. axb3 Bc8 34. Bxf8
Rxf8 35. Nxf8 Bxh3 36. Rc6 Nc8 37. Ne6 Ne7 38. Rd6 Bxe6 39. Rxe6 Kf7 40. Rd6 Ke8
41. e6 g6 42. g4 h5 43. h3 Kf8 44. b4 hxg4 45. hxg4 1-0

[Event "European Blitz 2017"]
[Site "Katowice POL"]
[Date "2017.12.15"]
[Round "4.62"]
[White "Oglaza, Oskar"]
[Black "Laurusas, Tomas"]
[Result "0-1"]
[BlackTitle "IM"]
[WhiteElo "2245"]
[BlackElo "2423"]
[WhiteFideId "1194402"]
[BlackFideId "12803731"]
[EventDate "2017.12.15"]
[EventType "blitz"]

1. e4 c6 2. d4 d5 3. e5 Bf5 4. Nc3 e6 5. g4 Bg6 6. Nge2 Ne7 7. Nf4 Nd7 8. h4 h6
9. Be3 a6 10. h5 Bh7 11. Bh3 Qb6 12. b3 O-O-O 13. Qd2 g5 14. Nd3 Bxd3 15. Qxd3
c5 16. Na4 Qa5+ 17. Bd2 Qc7 18. O-O cxd4 19. Qxd4 Nc6 20. Qe3 Qxe5 21. Qf3 Bd6
22. Qg2 Rhe8 23. Rfe1 Qf6 24. c4 Nde5 25. Kh1 dxc4 26. bxc4 Qf3 27. Qxf3 Nxf3
28. Red1 Be5 29. Bc3 Rxd1+ 30. Rxd1 Bxc3 31. Nxc3 Rd8 32. Rb1 Rd2 33. Kg2 Nfe5
34. Ne4 Rd4 35. f3 Nxf3 36. Kxf3 Ne5+ 37. Ke3 Rd3+ 38. Ke2 Rxh3 39. Nd6+ Kc7 40.
c5 b5 41. cxb6+ Kxd6 42. b7 Nc6 0-1

[Event "European Blitz 2017"]
[Site "Katowice POL"]
[Date "2017.12.15"]
[Round "4.63"]
[White "Ladva, Ottomar"]
[Black "Korbal, Arkadiusz"]
[Result "1-0"]
[WhiteTitle "GM"]
[WhiteElo "2522"]
[BlackElo "2181"]
[WhiteFideId "4500024"]
[BlackFideId "1133837"]
[EventDate "2017.12.15"]
[EventType "blitz"]

1. Nf3 Nf6 2. d4 e6 3. g3 c5 4. Bg2 Nc6 5. O-O Be7 6. c4 cxd4 7. Nxd4 O-O 8. Nc3
d5 9. cxd5 exd5 10. a3 Bg4 11. h3 Bh5 12. Nf5 d4 13. Nb5 Bc5 14. b4 Bb6 15. Bb2
Re8 16. g4 Bg6 17. Nbxd4 Nxd4 18. Nxd4 Be4 19. e3 Bxg2 20. Kxg2 Ne4 21. Nf5 f6
22. Qb3+ Kh8 23. Rfd1 Nd2 24. Qf7 Rg8 25. Bc3 1-0

[Event "European Blitz 2017"]
[Site "Katowice POL"]
[Date "2017.12.15"]
[Round "4.64"]
[White "Veiga, Jose Francisco R P Neves"]
[Black "Feuerstack, Aljoscha"]
[Result "0-1"]
[BlackTitle "IM"]
[WhiteElo "2240"]
[BlackElo "2438"]
[WhiteFideId "1930087"]
[BlackFideId "4681932"]
[EventDate "2017.12.15"]
[EventType "blitz"]

1. e4 c5 2. Nf3 e6 3. d4 cxd4 4. Nxd4 Nf6 5. Nc3 Nc6 6. Ndb5 Bc5 7. Nd6+ Ke7 8.
Bf4 e5 9. Nf5+ Kf8 10. Bg5 Bb4 11. f3 h6 12. Bh4 g5 13. Bf2 d5 14. a3 Bxc3+ 15.
bxc3 Qa5 16. Qd2 dxe4 17. Qd6+ Kg8 18. Qxf6 Qxc3+ 19. Ke2 Bxf5 20. Qxf5 Qxc2+
21. Ke3 Rd8 22. fxe4 Qc3+ 23. Ke2 Rd2+ 24. Ke1 Rc2+ 0-1

[Event "European Blitz 2017"]
[Site "Katowice POL"]
[Date "2017.12.15"]
[Round "4.65"]
[White "Pena Gomez, Manuel"]
[Black "Zylka, Stanislaw"]
[Result "1-0"]
[WhiteTitle "IM"]
[BlackTitle "FM"]
[WhiteElo "2491"]
[BlackElo "2336"]
[WhiteFideId "2252813"]
[BlackFideId "1189654"]
[EventDate "2017.12.15"]
[EventType "blitz"]

1. g3 d5 2. Bg2 Nf6 3. Nf3 g6 4. O-O Bg7 5. c4 O-O 6. Qc2 dxc4 7. Na3 Nc6 8.
Nxc4 Bg4 9. Qb3 Rb8 10. h3 Bxf3 11. Qxf3 e5 12. Qb3 Nd4 13. Qd1 Re8 14. d3 c6
15. Be3 h5 16. Kh2 h4 17. g4 Qd7 18. Rc1 Nd5 19. Bd2 Ne6 20. e3 Rbd8 21. b4 Nb6
22. Nb2 Qd6 23. Qb3 e4+ 24. Kg1 exd3 25. Rfd1 Ng5 26. Bc3 Bxc3 27. Qxc3 d2 28.
Rc2 Nd5 29. Qxd2 Qxb4 30. Qxb4 Nxb4 31. Rcd2 Rxd2 32. Rxd2 Re7 33. a3 Na6 34.
Nc4 Nc5 35. Rd8+ Kg7 36. Nd6 Nge6 37. Ra8 a6 38. Ne8+ Kh6 39. f4 Nc7 40. g5+ 1-0

[Event "European Blitz 2017"]
[Site "Katowice POL"]
[Date "2017.12.15"]
[Round "4.67"]
[White "Lantos, Attila"]
[Black "Kuzmicz, Krystian"]
[Result "0-1"]
[BlackTitle "IM"]
[WhiteElo "2033"]
[BlackElo "2460"]
[WhiteFideId "726672"]
[BlackFideId "1119125"]
[EventDate "2017.12.15"]
[EventType "blitz"]

1. d4 g6 2. Nc3 Bg7 3. e4 c6 4. Be3 d5 5. e5 f6 6. f4 Nh6 7. Nf3 Bg4 8. Qd2 Bxf3
9. gxf3 Nf5 10. Bf2 fxe5 11. dxe5 e6 12. O-O-O Nd7 13. Kb1 Qc7 14. h4 O-O-O 15.
h5 gxh5 16. Rxh5 Kb8 17. Na4 Rdf8 18. Qb4 Rf7 19. c4 Ne7 20. Rc1 Bf8 21. Qb3 Qa5
22. Be1 Qc7 23. Bh3 Rxf4 24. Bxe6 dxc4 25. Bxc4 Bg7 26. Bg3 Bxe5 27. Bxf4 Bxf4
28. Rch1 h6 29. Be6 Nf6 30. Rc5 Rd8 31. Rc2 Ned5 32. Nc5 Ka8 33. Bxd5 Nxd5 34.
Rd1 Re8 35. a4 Qb6 36. Qxb6 axb6 37. Nd3 Bc7 38. Rh1 Re3 39. Nc1 Rxf3 40. Rxh6
Rf1 41. Rh8+ Ka7 42. b4 Nxb4 43. Rb2 Nd5 44. Rh3 Bf4 45. Rc2 Ka6 46. Rb3 Ka5 47.
Rd3 Kxa4 48. Rd4+ Ka5 49. Ra2+ Kb5 50. Rb2+ Kc5 51. Rxf4 Nxf4 52. Kc2 Rxc1+ 53.
Kxc1 Nd3+ 54. Kc2 Nxb2 55. Kxb2 Kd4 56. Kb3 c5 0-1

[Event "European Blitz 2017"]
[Site "Katowice POL"]
[Date "2017.12.15"]
[Round "4.68"]
[White "Szpar, Milosz"]
[Black "Krejci, Jan2"]
[Result "1/2-1/2"]
[WhiteTitle "FM"]
[BlackTitle "GM"]
[WhiteElo "2367"]
[BlackElo "2570"]
[WhiteFideId "1184989"]
[BlackFideId "322156"]
[EventDate "2017.12.15"]
[EventType "blitz"]

1. e4 e5 2. Nf3 Nc6 3. Bb5 a6 4. Ba4 Nf6 5. O-O Be7 6. Re1 b5 7. Bb3 O-O 8. c3
d6 9. h3 Na5 10. Bc2 c5 11. d4 cxd4 12. cxd4 Qc7 13. Nbd2 Nc6 14. d5 Nb4 15. Bb1
a5 16. Nf1 Bd7 17. Ng3 Rfc8 18. Bd2 Nc2 19. Bxc2 Qxc2 20. Rb1 Qxd1 21. Rexd1 b4
22. Rdc1 Bb5 23. Rxc8+ Rxc8 24. a3 Bd3 25. Re1 bxa3 26. bxa3 Bd8 27. Re3 Bc2 28.
Ne1 Bb1 29. Kf1 a4 30. f3 g6 31. Ne2 Bb6 32. Rc3 Rb8 33. Rc4 Bc5 34. Rxa4 Rb2
35. Bb4 Nd7 36. Bxc5 dxc5 37. Ra7 Nb6 38. Rb7 f5 39. Nc3 fxe4 40. fxe4 c4 41. a4
Bd3+ 42. Nxd3 cxd3 43. a5 Rc2 44. Rxb6 Rxc3 45. Ke1 Rc2 46. a6 Ra2 47. d6 Kf7
48. Rb3 d2+ 49. Kd1 Ke6 50. Rd3 Kd7 51. Rxd2 Rxa6 52. Ke2 1/2-1/2

[Event "European Blitz 2017"]
[Site "Katowice POL"]
[Date "2017.12.15"]
[Round "4.69"]
[White "Kossobudzki, Robert"]
[Black "Arnaudov, G. Petar"]
[Result "0-1"]
[BlackTitle "GM"]
[WhiteElo "2134"]
[BlackElo "2439"]
[WhiteFideId "1107887"]
[BlackFideId "2907127"]
[EventDate "2017.12.15"]
[EventType "blitz"]

1. b4 e5 2. a3 Nf6 3. Bb2 d6 4. Nf3 g6 5. e3 Bg7 6. d4 Nbd7 7. c4 O-O 8. Be2 a5
9. b5 e4 10. Nfd2 c6 11. Nc3 d5 12. Qb3 Nb6 13. h3 Be6 14. c5 Nbd7 15. g4 Ne8
16. O-O-O Qh4 17. f4 f5 18. gxf5 gxf5 19. Rdg1 Kh8 20. Kb1 Ndf6 21. Qd1 Bf7 22.
Rg5 Bh6 23. Rxf5 Ng7 24. Re5 Nd7 25. Bg4 Nxe5 26. dxe5 Be6 27. Ne2 Nf5 28. Nf1
Rae8 29. Nd4 Qf2 30. Nxe6 Rxe6 31. Rh2 Qh4 32. Nd2 Nxe3 33. Qe2 Nxg4 34. hxg4 0-1

[Event "European Blitz 2017"]
[Site "Katowice POL"]
[Date "2017.12.15"]
[Round "4.70"]
[White "Kazakovskiy, Valeriy"]
[Black "Marczuk, Dominik"]
[Result "1-0"]
[WhiteTitle "IM"]
[WhiteElo "2422"]
[BlackElo "2278"]
[WhiteFideId "13507443"]
[BlackFideId "1111264"]
[EventDate "2017.12.15"]
[EventType "blitz"]

1. d4 f5 2. Bg5 h6 3. Bf4 Nf6 4. e3 e6 5. Be2 b6 6. Bh5+ Ke7 7. Bf3 Nc6 8. h4
Bb7 9. Nc3 d5 10. Nge2 g6 11. Qd2 a6 12. O-O-O b5 13. Rdg1 Kf7 14. g4 Nxg4 15.
Bxg4 fxg4 16. Rxg4 Rg8 17. Rhg1 Qf6 18. Bxc7 Rc8 19. Rf4 1-0

[Event "European Blitz 2017"]
[Site "Katowice POL"]
[Date "2017.12.15"]
[Round "4.72"]
[White "Zorko, Jure"]
[Black "Jazdanovs, Aleksandrs"]
[Result "0-1"]
[WhiteTitle "IM"]
[WhiteElo "2457"]
[BlackElo "2218"]
[WhiteFideId "14604051"]
[BlackFideId "11604492"]
[EventDate "2017.12.15"]
[EventType "blitz"]

1. d4 Nf6 2. Nf3 c5 3. d5 e6 4. Nc3 d6 5. e4 e5 6. Bb5+ Bd7 7. a4 g6 8. O-O Bg7
9. Bxd7+ Nbxd7 10. Nd2 Nh5 11. Nc4 Qe7 12. Nb5 O-O 13. Nbxd6 Ndf6 14. Ra3 Rfd8
15. Nb5 Nxe4 16. Re1 Qh4 17. Rf3 Nxf2 18. Rxf2 Qxc4 19. d6 Rd7 20. b3 Qh4 21. g3
Qd8 22. Qd5 Nf6 23. Qxc5 Rc8 24. Qxa7 Ng4 25. Rfe2 b6 26. Nc7 Rxd6 27. Bg5 Qxc7
28. Qxc7 Rxc7 29. c4 f6 30. Bc1 Rd3 31. Rb2 f5 32. Kg2 e4 33. Rb1 Ne5 34. Be3
Nf3 35. Re2 Rb7 36. g4 Bd4 37. Bf4 g5 38. Bd6 Nh4+ 39. Kh1 Rd7 40. Bb8 Bc5 41.
h3 Rd1+ 42. Rxd1 Rxd1+ 43. Kh2 Nf3+ 44. Kg3 f4+ 45. Kg2 Rg1# 0-1

[Event "European Blitz 2017"]
[Site "Katowice POL"]
[Date "2017.12.15"]
[Round "4.73"]
[White "Rozycki, Bartlomiej"]
[Black "Stocek, Jiri"]
[Result "1-0"]
[BlackTitle "GM"]
[WhiteElo "2134"]
[BlackElo "2566"]
[WhiteFideId "1106996"]
[BlackFideId "304760"]
[EventDate "2017.12.15"]
[EventType "swiss"]

1. e4 c5 2. Nf3 e6 3. d4 cxd4 4. Nxd4 a6 5. Nc3 b5 6. Be3 Bb7 7. a3 Nf6 8. Bd3
d5 9. e5 Ne4 10. Bxe4 dxe4 11. Qg4 h5 12. Qf4 g5 13. Qxg5 Qxg5 14. Bxg5 Rg8 15.
h4 Nd7 16. O-O-O Nxe5 17. Rhe1 Ng4 18. f3 exf3 19. gxf3 Nf2 20. Rd2 Nh3 21.
Ndxb5 axb5 22. Nxb5 Nxg5 23. Nc7+ Ke7 24. Nxa8 Nxf3 25. Nb6 Bh6 1-0

[Event "European Blitz 2017"]
[Site "Katowice POL"]
[Date "2017.12.15"]
[Round "4.75"]
[White "Chylewski, Patryk"]
[Black "Gdanski, Jacek"]
[Result "1-0"]
[BlackTitle "GM"]
[WhiteElo "2213"]
[BlackElo "2458"]
[WhiteFideId "1186191"]
[BlackFideId "1100106"]
[EventDate "2017.12.15"]
[EventType "blitz"]

1. e4 e6 2. d4 d5 3. Nd2 Nf6 4. e5 Nfd7 5. Bd3 c5 6. c3 Nc6 7. Ne2 cxd4 8. cxd4
f6 9. exf6 Nxf6 10. O-O Bd6 11. Nf3 Qc7 12. Bg5 O-O 13. Bh4 Nh5 14. Qc2 h6 15.
Bh7+ Kh8 16. Bg6 Rxf3 17. Bxh5 Rf8 18. Bg3 Bd7 19. a3 e5 20. dxe5 Bxe5 21. Rad1
Bf5 22. Qb3 Be6 23. Qd3 Rad8 24. Rfe1 Qb6 25. b4 Bxg3 26. Qxg3 d4 27. Nf4 Bf5
28. Bg6 d3 29. Bxf5 Rxf5 30. Ne6 Rd7 31. Rxd3 Rdf7 32. Re2 Nxb4 33. axb4 Qxb4
34. h4 Qb1+ 35. Kh2 Qb6 36. Rd8+ Kh7 37. Rd4 R7f6 38. Qxg7# 1-0

[Event "European Blitz 2017"]
[Site "Katowice POL"]
[Date "2017.12.15"]
[Round "4.76"]
[White "Polzin, Rainer"]
[Black "Linik, Yaron"]
[Result "1/2-1/2"]
[WhiteTitle "GM"]
[WhiteElo "2404"]
[BlackElo "2119"]
[WhiteFideId "4610741"]
[BlackFideId "2805995"]
[EventDate "2017.12.15"]
[EventType "blitz"]

1. e4 e6 2. d4 d5 3. Nc3 Bb4 4. e5 c5 5. a3 Bxc3+ 6. bxc3 Ne7 7. Qg4 Qc7 8. Qxg7
Rg8 9. Qxh7 cxd4 10. Ne2 Nbc6 11. f4 Bd7 12. Qd3 dxc3 13. Be3 O-O-O 14. h3 Nf5
15. Bf2 a6 16. g4 Nfe7 17. Bg2 d4 18. O-O Na5 19. Qxd4 Bb5 20. Qe3 Nd5 21. Qf3
Bxe2 22. Qxe2 Nxf4 23. Qf3 Nxg2 24. Kxg2 Rd2 25. Rac1 Qxe5 26. Qxf7 Qe4+ 27. Kg1
Rxg4+ 28. hxg4 Qxg4+ 29. Kh2 Qh4+ 30. Kg2 Qg4+ 1/2-1/2

[Event "European Blitz 2017"]
[Site "Katowice POL"]
[Date "2017.12.15"]
[Round "4.77"]
[White "George, Matthew P"]
[Black "Luch, Michal"]
[Result "0-1"]
[BlackTitle "IM"]
[WhiteElo "2013"]
[BlackElo "2398"]
[WhiteFideId "407763"]
[BlackFideId "1120042"]
[EventDate "2017.12.15"]
[EventType "blitz"]

1. Nf3 d5 2. e3 Nf6 3. c4 e6 4. Nc3 a6 5. b3 dxc4 6. Bxc4 b5 7. Be2 Bb7 8. Bb2
Be7 9. O-O O-O 10. d4 Nbd7 11. Rc1 Qb8 12. Qc2 c5 13. dxc5 Nxc5 14. Rfd1 Rc8 15.
Qb1 b4 16. Na4 Nxa4 17. bxa4 Bd5 18. Rxc8+ Qxc8 19. Bxf6 Bxf6 20. Qxb4 Bxa2 21.
Nd4 Bd5 22. Qa5 Bd8 23. Qd2 Qd7 24. a5 Qc7 25. Rc1 Qb7 26. Qc2 Bxa5 27. Rb1 Qc7
28. Qa4 g6 29. h3 Bb6 30. Nf3 a5 31. Qb5 Rb8 32. Qa6 Ba7 33. Rd1 Qb6 34. Qd3 Qb4
35. Nd4 a4 36. Qa6 Bxd4 37. Rxd4 Qb1+ 38. Kh2 Bb3 39. Rd7 Qf5 40. Qa7 Rc8 41.
Bf3 Qe5+ 42. g3 Qf6 43. h4 Qxf3 44. Qb7 Qxb7 0-1

[Event "European Blitz 2017"]
[Site "Katowice POL"]
[Date "2017.12.15"]
[Round "4.78"]
[White "Kanarek, Marcel"]
[Black "Kaatiala, Pekka"]
[Result "1-0"]
[WhiteTitle "GM"]
[WhiteElo "2505"]
[BlackElo "1998"]
[WhiteFideId "1126822"]
[BlackFideId "506800"]
[EventDate "2017.12.15"]
[EventType "blitz"]

1. e4 Nf6 2. e5 Nd5 3. d4 Nb6 4. Nf3 d5 5. Bd3 Bg4 6. h3 Bh5 7. e6 fxe6 8. g4
Bf7 9. Ng5 Bg8 10. Qe2 Qd6 11. Nc3 a6 12. f4 Nc6 13. Be3 O-O-O 14. O-O-O g6 15.
Nf3 Bg7 16. Ne5 Bxe5 17. fxe5 Qd7 18. Rhf1 Na5 19. Bh6 Qe8 20. Bg7 Bf7 21. Bxh8
Qg8 22. Qf2 Rf8 23. Be2 Nc6 24. Rd3 Qxh8 25. Rf3 Nd8 26. g5 h5 27. Bd3 Qg7 28.
a3 Kd7 29. Nb1 Ke8 30. Nd2 Nd7 31. Nb3 Bg8 32. Bxg6+ Qxg6 33. Rxf8+ Nxf8 34.
Qxf8+ Kd7 35. Nc5+ Kc8 36. Qxd8+ Kxd8 37. Rf8+ Qe8 38. Nxb7+ Kd7 39. Nc5+ Kd8
40. Rxe8+ Kxe8 41. Nxa6 Bh7 42. h4 1-0

[Event "European Blitz 2017"]
[Site "Katowice POL"]
[Date "2017.12.15"]
[Round "4.79"]
[White "Smierzchalski, Dawid"]
[Black "Brodowski, Piotr"]
[Result "0-1"]
[BlackTitle "IM"]
[WhiteElo "2054"]
[BlackElo "2430"]
[WhiteFideId "1127349"]
[BlackFideId "1124480"]
[EventDate "2017.12.15"]
[EventType "blitz"]

1. e4 g6 2. d4 Bg7 3. Nc3 c5 4. dxc5 Qa5 5. Bd2 Qxc5 6. Nf3 d6 7. Bb5+ Bd7 8.
Bxd7+ Nxd7 9. O-O Ngf6 10. h3 O-O 11. a3 Qc8 12. Be3 Nc5 13. e5 dxe5 14. Nxe5
Nfe4 15. Nxe4 Nxe4 16. Nd3 Qf5 17. Qe2 b6 18. c3 Nd6 19. Rad1 Nc4 20. Bc1 Rac8
21. Kh1 Rfe8 22. f4 a5 23. Rfe1 b5 24. Qe4 Qxe4 25. Rxe4 Nd6 26. Re2 h5 27. Rde1
Kf8 28. g3 Nf5 29. Kg2 Red8 30. Ne5 Nd6 31. Nf3 e6 32. Ng5 Nc4 33. Ne4 Rd5 34.
g4 hxg4 35. hxg4 Rcd8 36. Ng5 Rd1 37. f5 Rxe1 38. Rxe1 gxf5 39. gxf5 exf5 40.
Kf3 Ne5+ 41. Kf4 Nd3+ 42. Kxf5 Nxe1 0-1

[Event "European Blitz 2017"]
[Site "Katowice POL"]
[Date "2017.12.15"]
[Round "4.81"]
[White "Pultinevicius, Paulius"]
[Black "Kruszynski, Wlodzimierz"]
[Result "1-0"]
[WhiteTitle "IM"]
[BlackTitle "IM"]
[WhiteElo "2371"]
[BlackElo "2313"]
[WhiteFideId "12809390"]
[BlackFideId "1100670"]
[EventDate "2017.12.15"]
[EventType "blitz"]

1. d4 Nf6 2. c4 e6 3. g3 Bb4+ 4. Nd2 d5 5. Bg2 O-O 6. Nf3 dxc4 7. O-O c3 8. bxc3
Bxc3 9. Rb1 Bxd4 10. Nc4 Bc5 11. Qc2 Nc6 12. Rd1 Qe7 13. Nfe5 Nxe5 14. Nxe5 c6
15. Bg5 Bb6 16. Ng4 e5 17. Nxf6+ gxf6 18. Bh6 Re8 19. Be4 f5 20. Bxf5 Qf6 21.
Bxh7+ Kh8 22. Be3 Bxe3 23. fxe3 Qh6 24. Be4 Qxe3+ 25. Kh1 Be6 26. Bg2 Rad8 27.
Rxb7 Bf5 28. Qa4 Qxe2 29. Qh4+ Bh7 30. Qf6+ Kg8 31. Qxf7+ 1-0